| 000 | 00700nam a2200253Ia 4500 | ||
|---|---|---|---|
| 003 | OSt | ||
| 005 | 20221007065033.0 | ||
| 006 | a|||||r|||| 00| 0 | ||
| 007 | ta | ||
| 008 | 221006b |||||||| |||| 00| 0 eng d | ||
| 024 | _a1,388 | ||
| 037 | _cReference Collections | ||
| 040 |
_aFLL _cFLL _beng |
||
| 041 |
_2eng _aeng |
||
| 082 | _aX724:Z2q, N4 | ||
| 100 | _aBhargava U. K. | ||
| 245 | 0 | _aIncome tax act | |
| 260 |
_aDelhi _bTaxmann Publcations (P.) Ltd. India _c1994 |
||
| 300 |
_a805p,51p _ccm. |
||
| 650 | _aIncome tax | ||
| 700 | _a Bhargava Rakesh | ||
| 942 |
_hX724:Z2q, N4 _cREF _2CC |
||
| 999 |
_c1136137 _d1136137 |
||